000 01543namaa22002771 4500
001 173984
003 ES-MaACL
005 20250902063114.0
008 100204s1900 sp | r| |||| | spa d
100 1 _aLópez Silva, José,
_d1861-1925
_973986
245 1 4 _aLos buenos mozos :
_bsainete lírico en un acto, dividido en cinco cuadros en prosa y verso /
_coriginal de José López Silva y Carlos Fernández Shaw ; música del maestro Ruperto Chapí.
250 _a2ª ed.
260 _aMadrid :
_bSociedad de Autores Españoles :
_bArregui y Aruej,
_c1900 (
_fR. Velasco, imp.)
300 _a55 p. ;
_c20 cm.
490 1 _aBiblioteca lírico drámatica y teatro cómico
500 _aDedicado, por los autores del texto, "Al gran Emilio Carreras en testimonio de cordial afecto y sincera gratitud. 26 diciembre 99"
500 _aSólo la letra.
530 _aDisponible en formato digital.
594 _aEn port.: Estrenada en el Teatro de Apolo, la noche del 21 de diciembre de 1899.
700 1 _aFernández-Shaw, Carlos,
_d1865-1911
_950098
700 1 _aChapí, Ruperto,
_d1851-1909
_938014
830 1 0 _aBiblioteca lirico-dramática y teatro cómico
_9188056
852 _aES-MaACL
_jF-8638(2)
_z- Enc. pasta española
_z- Enc. en un vol. facticio formando parte de la col. facticia "Teatro español moderno", v. 93
856 _uhttps://bibliotecavirtualmadrid.comunidad.madrid/bvmadrid_publicacion/es/consulta/registro.do?id=3367
_zBiblioteca Digital de la Comunidad de Madrid
999 _c173984
_d173984